Statistics for Buku Kuis Alkitab Protestan

Click here to take the quiz!

General Stats

  • This quiz has been taken 16 times
  • The average score is 41 of 66

Answer Stats

Book% Correct
Amsal
91%
Kejadian
91%
Keluaran
91%
Lukas
91%
Matius
91%
Mazmur
91%
Yohanes
91%
Markus
82%
Roma
82%
Wahyu
82%
Yesaya
82%
1 Korintus
73%
1 Raja-raja
73%
1 Yohanes
73%
2 Korintus
73%
2 Yohanes
73%
Bilangan
73%
Galatia
73%
Imamat
73%
Kisah Para Rasul
73%
Ulangan
73%
Yeremia
73%
1 Petrus
64%
2 Petrus
64%
2 Raja-raja
64%
3 Yohanes
64%
Efesus
64%
Ester
64%
Filipi
64%
Hakim-hakim
64%
Titus
64%
Yakobus
64%
Yosua
64%
Yudas
64%
1 Samuel
55%
1 Tawarikh
55%
1 Tesalonika
55%
1 Timotius
55%
2 Samuel
55%
2 Tawarikh
55%
2 Tesalonika
55%
2 Timotius
55%
Amos
55%
Ayub
55%
Habakuk
55%
Ibrani
55%
Kidung Agung
55%
Kolose
55%
Pengkotbah
55%
Rut
55%
Yehezkiel
55%
Yunus
55%
Zakharia
55%
Daniel
45%
Ezra
45%
Filemon
45%
Hosea
45%
Maleakhi
45%
Mikha
45%
Obaja
45%
Ratapan
45%
Yoel
45%
Zefanya
45%
Hagai
36%
Nahum
36%
Nehemia
36%

Score Distribution

Percentile by Number Answered

Percent of People with Each Score

Your Score History

You have not taken this quiz